00578nam a22001577a 450000500170000001000150001702000270003203500140005903700090007308200110008210000160009324501020010926000510021127001310026230000270039320240703163754.0 aENG-140742 c2495.00a9788195577552 aEN-124274 bDBAD a615.19 aDey, Ashish aHandbook on Active Pharmaceutical Ingredients (API), Drugs & Pharmaceutical Products/cAshish Dey aDelhibNiir Project Consultancy Servicesc2019 bDelhia106-E, Opp. Spark Mall, Kamla Nagare110007k01123842955k01123845886k08800733955mnpcs.india@gmail.comminfo@niir.org axxii, 530p.c21cm (pb)